|
|
|
|
| LEADER |
00000nam0a2200000 4500 |
| 001 |
35073 |
| 005 |
20231101210258.0 |
| 010 |
|
|
|a 5256002155
|
| 035 |
|
|
|a (RuTPU)RU\TPU\book\35492
|
| 035 |
|
|
|a BOOK00002144
|
| 090 |
|
|
|a 35073
|
| 100 |
|
|
|a 20011210d1989 km y0rusy50 ca
|
| 101 |
0 |
|
|a rus
|
| 102 |
|
|
|a RU
|
| 105 |
|
|
|a y g 000zy
|
| 200 |
1 |
|
|a Малогабаритные магнитопроводы и сердечники
|e справочник
|f И. Н. Сидоров, А. А. Христинин, С. В. Скорняков
|
| 210 |
|
|
|a Москва
|c Радио и связь
|d 1989
|
| 215 |
|
|
|a 384 с.
|
| 330 |
|
|
|a Дан информационно-технический материал по современным магнитопроводам и сердечникам из электротехнических сталей и магнитодизлектриков. Приведены основные конструктивные и электрические параметры ленточных, пластинчатых и прессованных магнитопроводов и сердечников. Для инженерно-технических работников, занимающихся разработкой, изготовлением и эксплуатацией радиоэлектронной аппаратуры
|
| 606 |
1 |
|
|a Радиоэлектронная аппаратура
|x Электромагнитные элементы
|2 stltpush
|3 (RuTPU)RU\TPU\subj\23513
|9 48098
|
| 610 |
1 |
|
|a термины
|
| 610 |
1 |
|
|a магнитные материалы
|
| 610 |
1 |
|
|a компоненты
|
| 610 |
1 |
|
|a магнитопроводы
|
| 610 |
1 |
|
|a ленточные сердечники
|
| 610 |
1 |
|
|a конструкции
|
| 610 |
1 |
|
|a электрические параметры
|
| 610 |
1 |
|
|a пластинчатые сердечники
|
| 610 |
1 |
|
|a ферритовые сердечники
|
| 610 |
1 |
|
|a магнитодиэлектрики
|
| 610 |
1 |
|
|a справочники
|
| 675 |
|
|
|a 621.396.69(035)
|v 3
|
| 700 |
|
1 |
|a Сидоров
|b И. Г.
|g Игорь Николаевич
|
| 701 |
|
1 |
|a Христинин
|b А. А.
|g Андрей Алексеевич
|
| 701 |
|
1 |
|a Скорняков
|b С. В.
|g Сергей Викторович
|
| 801 |
|
0 |
|a RU
|b 63413507
|c 20011210
|g PSBO
|
| 801 |
|
2 |
|a RU
|b 63413507
|c 20201030
|g PSBO
|
| 900 |
|
|
|a Материалы и компоненты электронной техники
|
| 900 |
|
|
|a Магнитные элементы электронных устройств
|
| 942 |
|
|
|c BK
|